Normal view MARC view

Entry Personal Name

Number of records used in: 1

001 - CONTROL NUMBER

  • control field: 1194389

003 - CONTROL NUMBER IDENTIFIER

  • control field: OSt

005 - DATE AND TIME OF LATEST TRANSACTION

  • control field: 20260324133802.0

008 - FIXED-LENGTH DATA ELEMENTS

  • fixed length control field: 260324|| aca||aabn | a|a d

040 ## - CATALOGING SOURCE

  • Original cataloging agency: OSt
  • Transcribing agency: OSt

100 ## - HEADING--PERSONAL NAME

  • Personal name: David A. Kirby; Anna Watson

670 ## - SOURCE DATA FOUND

  • Source citation: Work cat.: (OSt)1793797: David A. Kirby; Anna Watson, Small Firms and Economic Development in Developed and Transition Economies
Copyright @ Delhi University Library System